| 000 | 00667nam a22002057a 4500 | ||
|---|---|---|---|
| 003 | OSt | ||
| 005 | 20250710083350.0 | ||
| 008 | 250710b |||||||| |||| 00| 0 eng d | ||
| 020 | _a9789719654247 | ||
| 040 |
_aDWCL - Main lib _cOC |
||
| 082 | _aFil. 658.3 S487s 2016 | ||
| 100 | _aSerrano, Angelita Ong Camilar | ||
| 245 |
_aStrategic human resource management/ _cAngelita Ong Camilar Serrano |
||
| 260 |
_aManila : _b Unlimited Books, _cc2016. |
||
| 300 |
_a x, 348 pages : _billustrations ; _c26 cm. |
||
| 504 | _aIncludes bibliographic reference. | ||
| 650 | _a1. Personnel management. | ||
| 650 | _a2. Strategic planning. | ||
| 942 |
_2ddc _cBK - FIL _kFil. _n0 |
||
| 999 |
_c3591 _d3591 |
||